000 00281nam a22001337a 4500
008 170503b xxu||||| |||| 00| 0 eng d
020 _a9780763730017
041 _aeng
080 _a343.9
100 _a13
101 _ashj
245 _aCRIMINOLOGY
_cVITO.G.F
942 _2udc
_cBK
999 _c12551
_d12551